News flash (Бичлэгийн дугаар. 144030)
| 000 -УДИРДЛАГА | |
|---|---|
| Удирдлага | 02434nam a22003977a 4500 |
| 003 - ХЯНАЛТЫН ТОО ТОДОРХОЙЛОГЧ | |
| Код | MN-UlNUM |
| 005 - БИЧИЛТ ХИЙСЭН ОГНОО | |
| Тухайн бичилтийг бичсэн засварласан сүүлийн огноо | 20251013160040.0 |
| 008 - ЕРӨНХИЙ МЭДЭЭЛЭЛ | |
| Ерөнхий мэдээлэл | 250902b2004 cau 001 | mon d |
| 020 ## - ISBN | |
| ISBN | 0787972851 |
| 040 ## - БИЧЛЭГ ҮҮСГЭГЧ БАЙГУУЛЛАГА | |
| Бичлэг үүсгэгч номын сангийн код | МУИС-ийн номын сан |
| 084 ## - ББК АНГИЛАЛ | |
| Нэмэлт тусгалт | Нэг сэдэвт бүтээл |
| ББК ангилал | 76.0 |
| Зохиогчийн гурван тэмдэгт | A 54 |
| Мэдлэгийн ялгаа | 76 - Нийтийн мэдээллийн хэрэгсэл |
| 100 ## - ЗОХИОГЧ | |
| Зохиогчийн нэр | Anderson, Bonnie M |
| 240 ## - Шифр - Номын наалт, тайланд хэрэглэх | |
| Ангилалын дугаар /Зохиогчийн 3 тэмдэгт | 76.0 A 54 |
| 245 ## - ҮНДСЭН ГАРЧИГ | |
| Номын нэр | News flash |
| Бага гарчгийн мэдээ | Journalism, infotainment, and the bottom-line business of broadcast news |
| 260 ## - ГАРАЛТЫН МЭДЭЭ | |
| Хэвлэгдсэн газар | San Francisco |
| Хэвлэлийн газар | Jossey-Bass |
| Хэвлэгдсэн он | 2004 |
| 300 ## - МАТЕРИАЛЫН ТОДОРХОЙЛОЛТ | |
| хуудасны тоо | xxi, 259 p. ; |
| Хэмжээ | 24 cm |
| 500 ## - Тайлбар | |
| Дансны дугаар | БС 2988 |
| 505 ## - Агуулгын тэмдэглэгээ | |
| Агуулгын тэмдэглэгээ | While talking heads debate the media's alleged conservative or liberal bias, award-winning journalist Bonnie Anderson knows that the problem with television news isn't about the Left versus the Right-- it's all about the money. From illegal hiring practices to ethnocentric coverage to political cheerleading, News Flash exposes how American broadcast conglomerates' pursuit of the almighty dollar consistently trumps the need for fair and objective reporting. Along the way to the bottomline, the proud tradition of American television journalism has given way to an entertainment-driven industry that's losing credibility and viewers by the day. As someone who has worked as both a broadcast reporter and a network executive, Anderson details how the networks have been co-opted by bottom-line thinking that places more value on a telegenic face than on substantive reporting. Network executives the real power in broadcast journalism are increasingly employing tactics and strategies from the entertainment industry. They "cast" reporters based on their ability to "project credibility," value youth over training and experience, and often greenlight coverage only if they can be assured that it will appeal to advertiser-friendly demographics. |
| 546 ## - ХЭЛНИЙ ТУХАЙ МЭДЭЭ | |
| Хэл | Англи хэл дээр, |
| 653 ## - Түлхүүр үг | |
| Түлхүүр үг | Infotainment |
| 653 ## - Түлхүүр үг | |
| Түлхүүр үг | television broadcasting of news |
| 653 ## - Түлхүүр үг | |
| Түлхүүр үг | television programs |
| 740 ## - НОМЫН ГАРЧИГ | |
| Гарчиг | The Rise of the Corporate News Networks |
| 740 ## - НОМЫН ГАРЧИГ | |
| Гарчиг | What You Don't Know Can Hurt You |
| 740 ## - НОМЫН ГАРЧИГ | |
| Гарчиг | This Is Good Business? |
| 740 ## - НОМЫН ГАРЧИГ | |
| Гарчиг | The Good |
| 740 ## - НОМЫН ГАРЧИГ | |
| Гарчиг | The Bad |
| 740 ## - НОМЫН ГАРЧИГ | |
| Гарчиг | And the Ugly |
| 740 ## - НОМЫН ГАРЧИГ | |
| Гарчиг | All Profits, All the Time |
| 740 ## - НОМЫН ГАРЧИГ | |
| Гарчиг | We Report, We Decide |
| 740 ## - НОМЫН ГАРЧИГ | |
| Гарчиг | Strange Bedfellows |
| 740 ## - НОМЫН ГАРЧИГ | |
| Гарчиг | Conclusion: Rx for TV Journalism |
| 942 ## - ЭЛЕМЕНТИЙН ТӨРӨЛ | |
| Зүйлийн төрөл | Ном |
